Normal view
MARC view
Entry Personal Name
001 - CONTROL NUMBER
- control field: 47310
003 - CONTROL NUMBER IDENTIFIER
- control field: ARRUPE
005 - DATE AND TIME OF LATEST TRANSACTION
- control field: 20190718145440.0
008 - FIXED-LENGTH DATA ELEMENTS
- fixed length control field: 190718|| aca||aabn | a|a d
040 ## - CATALOGING SOURCE
- Original cataloging agency: ARRUPE
- Transcribing agency: ARRUPE
100 ## - HEADING--PERSONAL NAME
- Personal name: Roth, Gunther ; Wittich, Claus (eds)
670 ## - SOURCE DATA FOUND
- Source citation: Work cat.: (ARRUPE)93410: Weber, Max 47169, Economy and society, 1968